01383nam a22001937a 450000500170000000800410001702000180005804000070007604100120008308200250009510000250012024500760014526000320022130000260025336500380027952008470031765000130116465000120117720230308113329.0230306b ||||| |||| 00| 0 eng d a9788188360307 cAL aEnglish 223a201.650954bPANE aKuruvilla Pandikattu aEver Approachable Never Attainable : Science Religion Dialogue in India aPunebCreati Venturesc2015 a258 p.bHBc22x14 cm. a02302c₹d₹450.00f01-12-2022 aWhat is really the significance of dialogue between science and religion in India today? How can it foster better cooperation and sustainable life among human communities? What is the relevance of science-religion dialogues in our context? These are some of the questions this book takes up and deliberates. Assuming that dialogue between science and religion is no more an option but an obligation. This book takes us this venture critically and creatively. First it explores the challenges of and opportunities for science-religion dialogue from Indian perspectives. Then it explores human nature as something ever approachable. Finally, it explores the ever-elusive nature of human (and divine) nature as never attainable. This title of the book, thus, indicates the ever fascinating and elusive nature of the world, human beings, and God. aReligion aScience